| 000 | 01066cam a2200397 4500 | ||
|---|---|---|---|
| 001 | ABS67147 | ||
| 008 | 031030n2003 000 0 eng u | ||
| 035 | _a(Sirsi) u124199 | ||
| 245 | _aFocus 2003: Central and Eastern Europe | ||
| 260 | _c2003 | ||
| 490 |
_aEstates Gazette _v(0340) 4 October 2003, 79-95(9) |
||
| 590 | _aABS | ||
| 650 | _aCENTRAL EUROPE | ||
| 650 | _aEASTERN EUROPE | ||
| 650 | _aRUSSIA | ||
| 650 | _aGERMANY | ||
| 650 | _aCZECH REPUBLIC | ||
| 650 | _aPOLAND | ||
| 650 | _aHUNGARY | ||
| 650 | _aSLOVENIA | ||
| 650 | _aWARSAW | ||
| 650 | _aSLOVAKIA | ||
| 650 | _aLATVIA | ||
| 650 | _aLITHUANIA | ||
| 650 | _aEU | ||
| 650 | _aMOSCOW | ||
| 650 | _aBUDAPEST | ||
| 650 | _aFRANKFURT | ||
| 650 | _aPRAGUE | ||
| 650 | _aPROPERTY-COMMERCIAL PROPERTY-OFFICE PROPERTY-OFFICE PROPERTY MARKET | ||
| 650 | _aPROPERTY-COMMERCIAL PROPERTY-RETAIL PROPERTY-RETAIL PROPERTY MARKET | ||
| 650 | _aINDUSTRIAL MARKET | ||
| 650 | _aINVESTMENT | ||
| 690 | _aPROPERTY-COMMERCIAL PROPERTY-COMMERCIAL PROPERTY MARKET | ||
| 942 | _n0 | ||
| 999 |
_c73727 _d73727 |
||